EMPOWERMENT OF SPECIAL CHILDREN (Record no. 33508)

MARC details
000 -LEADER
fixed length control field 00320nam a22001337a 4500
003 - CONTROL NUMBER IDENTIFIER
control field SGT
020 ## - INTERNATIONAL STANDARD BOOK NUMBER
International Standard Book Number 9788179104347
082 ## - DEWEY DECIMAL CLASSIFICATION NUMBER
Classification number 371.9,GOE
100 ## - MAIN ENTRY--PERSONAL NAME
Personal name GOEL,SUSHIL KUMAR
245 ## - TITLE STATEMENT
Title EMPOWERMENT OF SPECIAL CHILDREN
260 ## - PUBLICATION, DISTRIBUTION, ETC. (IMPRINT)
Place of publication, distribution, etc JAIPUR
Name of publisher, distributor, etc Aavishkar Publishers & Distributors
Year of Publication 2013
300 ## - PAGE DESCRIPTION
No. of Pages 226
942 ## - ADDED ENTRY ELEMENTS (KOHA)
Source of classification or shelving scheme Dewey Decimal Classification
Koha item type Books
Holdings
Withdrawn status Lost status Source of classification or shelving scheme Damaged status Use restrictions Not for loan Collection code Home library Current library Shelving location Date acquired Vendor Name Cost, normal purchase price SGTU Bill Number Full call number Accession No. (Barcode) Date last seen Bill Date Koha item type Total Checkouts
    Dewey Decimal Classification   Restricted Access Not For Loan EDUCATION SGT Engineering Library SGT Engineering Library Reference Book 23/01/2026 BRIJWASI BOOK DISTRIBUTORS 950.00 SGTU INBW/000380 371.9,GOE ED5473 23/01/2026 20/12/2025 Books  
    Dewey Decimal Classification       EDUCATION SGT Engineering Library SGT Engineering Library Text Book 23/01/2026 BRIJWASI BOOK DISTRIBUTORS 950.00 SGTU INBW/000380 371.9,GOE ED5474 23/01/2026 20/12/2025 Books  
    Dewey Decimal Classification       EDUCATION SGT Engineering Library SGT Engineering Library Text Book 23/01/2026 BRIJWASI BOOK DISTRIBUTORS 950.00 SGTU INBW/000380 371.9,GOE ED5475 23/01/2026 20/12/2025 Books